| 000 | 00692nam a2200265Ia 4500 | ||
|---|---|---|---|
| 005 | 20250425160636.0 | ||
| 008 | 250425s9999 xx 000 0 und d | ||
| 020 | _a968880293X | ||
| 041 | _aspa | ||
| 082 | _a621.313 | ||
| 100 | _aKOSOW, IRVING L. | ||
| 245 | 0 | _aMAQUINAS ELECTRICAS Y TRANSFORMADORES | |
| 250 | _a2A ED. | ||
| 260 | _aMEXICO | ||
| 260 |
_aMéxico _bPRENTICE-HALL _c1993 |
||
| 300 | _a704 | ||
| 500 | _aTítulo Traducido: ELECTRIC MACHINERY AND TRANSFORMERS | ||
| 650 | _aALTERNADORES | ||
| 650 | _aDINAMOS | ||
| 650 | _aGENERADORES DE CORRIENTE CONTINUA | ||
| 650 | _aMAQUINARIA ELECTRICA | ||
| 650 | _aTRANSFORMADORES | ||
| 942 | _c01 | ||
| 010 | _a1035 | ||
| 999 |
_c193221 _d193221 |
||